000 01207nam a22002897a 4500
003 dpl
005 20180911111553.0
008 180911b xxu||||| |||| 00| 0 eng d
010 _aB-103018
020 _c250.00
_a8181431316
035 _aB-103018, B-103034
037 _bCen Lib/Ret
040 _aDPL
_bHN
_c0
082 _a
_bभट्टाचा
100 _aभट्टाचार्य, सुचित्रा
_943628
245 _aउड़ते बदल /
_cसुचित्रा भट्टाचार्य; अनुवादक सुशील गुप्ता
246 _aUdte badal /
_bby Suchitra Bhattacharya; anuvadak Sushil Gupta
260 _aनयी दिल्ली
_bवाणी प्रकाशन
_c2004
270 _bनयी दिल्ली
_a21-ए, दरिया गंज
_e110002
300 _a215पृ.
_c21सेमी (सजिल्द)
650 _aहिन्दी साहित्य
_952922
650 _aउपन्यास
_952923
650 _aHindi literature
_952924
650 _aNovel
_922513
700 _aगुप्ता, सुशील
_952925
942 _2ddc
_cHN
_h
_mभट्टाचा
999 _c113587
_d113587